000
00267nam a22001217a 4500
008
170503b xxu||||| |||| 00| 0 eng d
041
_a
eng
080
_2
4TH
_a
34
100
_a
39
101
_a
SHJ
245
_a
FEDERAL PRACTICE DIGEST
_c
WEST GROUP
942
_2
udc
_c
BK
999
_c
12512
_d
12512